00554nam a2200181 a 4500008004100000050001900041100002000060245004700080260004000127300001900167350000900186490003300195650003100228650005900259650001600318700002300334710001500357080328s1993 ||||||||||||||||| || u aIBRD(08)DP/224 aBrandon, Carter10aTowards an environmental strategy for Asia aWashington, D. C.bWorld Bankc1993 aix, 49p. :ill. a0.00 aWorld Bank Discussion Papers aENVIRONMENTAL POLICY--ASIA aENVIRONMENTAL PROTECTION--AFRICA, SOUTHERN--CONGRESSES aENVIRONMENT aRamankutty, Ramesh aWorld Bank